Knowledge and power in a global society /

Bibliographic Details
Other Authors: Evan, William M.
Format: Book
Language:English
Published: Beverly Hills, Calif. : Sage Publications, [1981]
Series:Sage focus editions ; 30.
Subjects:

MARC

Tag First Indicator Second Indicator Subfields
LEADER 00000cam a22000008a 4500
001 in00000071145
005 20151008062057.0
008 810507s1981 caua b 00100 eng
010 |a  81008728  
020 |a 0803916590 
020 |a 0803916604 (pbk.) 
035 |a (OCoLC)07555968 
035 |9 AAJ9469AM 
039 0 |a 2  |b 3  |c 3  |d 3  |e 3 
040 |a DLC  |c DLC  |d TXA  |d UtOrBLW 
049 |a TXAM  |c [1560829] 
050 0 0 |a Q10  |b .K6 
082 0 |a 306/.4  |2 19 
245 0 0 |a Knowledge and power in a global society /  |c edited by William M. Evan. 
263 |a 8107 
264 1 |a Beverly Hills, Calif. :  |b Sage Publications,  |c [1981] 
264 4 |c ©1981 
300 |a 320 pages :  |b illustrations ;  |c 22 cm. 
336 |a text  |b txt  |2 rdacontent 
337 |a unmediated  |b n  |2 rdamedia 
338 |a volume  |b nc  |2 rdacarrier 
490 1 |a Sage focus editions ;  |v 30 
504 |a Includes bibliographies and indexes. 
650 0 |a Science  |x Societies, etc. 
650 0 |a Technology  |x Societies, etc. 
650 0 |a Internationalism. 
650 0 |a International cooperation. 
700 1 |a Evan, William M. 
830 0 |a Sage focus editions ;  |v 30. 
999 |a MARS 
999 f f |s 8e353619-8af5-3ba8-80fd-5c0bb21b030e  |i b63f0430-aa4a-363d-8ba0-13186bc0b51c  |t 0 
952 f f |p ric  |a Texas A&M University  |b Rellis Campus  |c Joint Library Facility  |d Remote Storage  |t 0  |e Q10 .K6  |h Library of Congress classification  |i unmediated -- volume  |m A14806197917 
998 f f |a Q10 .K6  |t 0  |l Remote Storage